00436 a2200169 450000500170000001000130001702000210003003500130005103700160006408200110008024500550009126000400014627000140018630000350020050000100023570000210024520240430160430.0 aB-758823 a8120203178c0.00 aB-758823 bGift/Unesco a954.03 aGeorge Fernandes Speaks/cEdited by- George Mathew aNew DelhibAjanta Publicationc1991 aNew Delhi axv, 443p.;c24cm. (HB)bIndex aIndex aMathew, George